[Event "SRB-chT 1st League Men 2018"]
[Site "Valjevo"]
[Date "2018.09.02"]
[Round "3"]
[White "Savic, Miodrag R"]
[Black "Brenjo, Slavisa"]
[Result "1/2-1/2"]
[WhiteElo "2506"]
[BlackElo "2450"]
[Annotator "TA"]
[PlyCount "57"]
[EventDate "2018.08.31"]
[EventType "team-tourn"]
[EventCountry "SRB"]
[SourceTitle "playchess.com"]
[Source "ChessBase"]
[SourceQuality "1"]

{[%evp 14,57,30,25,33,29,29,29,39,-15,-13,-11,-4,-15,2,0,13,13,8,-13,33,0,30,31,24,24,25,-10,0,-2,-12,-23,-32,-35,-35,-36,0,-64,-45,-81,-58,-50,-68,-100,-98,-166]} 1. e4 e5 2. Nf3 Nc6 3. Bc4 Nf6 4. d3 Be7 5. O-O O-O 6. Re1 d6 7. a3 h6 {C55: Two Knights: 4 d3, 4 d4 exd4 5 e5 and Max Lange Attack} 8. Nbd2 {LiveBook: 6 Games} (8. h3 Re8 9. Nbd2 Bf8 10. Nf1 Ne7 11. Ng3 c6 12. c3 Ng6 13. d4 d5 14. exd5 e4 15. Ne5 cxd5 16. Nxg6 fxg6 {0-1 (41) Areshchenko,A (2652)-Jobava,B (2687) Linares 2017}) 8... Be6 9. b4 $146 ({Predecessor:} 9. Nf1 d5 10. exd5 Bxd5 11. Bxd5 Qxd5 12. Ne3 Qd7 13. b4 Bd6 14. Bb2 a5 15. b5 {0-1 (49) Firman,N (2516)-Pavlidis,A (2522) Porto Rio 2015}) 9... a6 {White has an edge.} 10. Bb2 Qd7 11. Nf1 ({White should try} 11. h3 $14) 11... Bxc4 $11 12. dxc4 Rfe8 13. Qd3 Bf8 14. Rad1 Qe6 15. Ne3 Ne7 16. Nh4 Rad8 17. h3 g6 18. Nd5 Nexd5 19. cxd5 Qe7 20. g3 Rc8 21. c4 c6 22. Ng2 cxd5 23. exd5 Qd7 24. Kh2 b5 25. cxb5 (25. c5 $1 $11) 25... axb5 26. Rc1 Bg7 27. Ne3 h5 28. Rxc8 Rxc8 29. Rc1 {Precision: White = 31%, Black = 52%.} (29. Kg2 $17) 1/2-1/2

[Event "SRB-chT 1st League Men 2018"]
[Site "Valjevo"]
[Date "2018.09.02"]
[Round "3"]
[White "Zajic, Milan"]
[Black "Kosic, Dragan"]
[Result "1/2-1/2"]
[WhiteElo "2497"]
[BlackElo "2465"]
[Annotator "TA"]
[PlyCount "23"]
[EventDate "2018.08.31"]
[EventType "team-tourn"]
[EventCountry "SRB"]
[SourceTitle "playchess.com"]
[Source "ChessBase"]
[SourceQuality "1"]

{[%evp 18,20,34,14,7]} 1. Nf3 Nf6 2. g3 c5 3. Bg2 g6 4. O-O Bg7 5. c4 O-O 6. Nc3 Nc6 7. d3 d6 8. a3 Bd7 9. Rb1 a5 10. Bg5 {LiveBook: 7 Games. A38: Symmetrical English vs ...g6: 4 Bg2 Bg7 5 Nf3 Nf6} (10. Ne1 Ne8 11. Nc2 Nc7 12. Bd2 Rb8 13. b4 axb4 14. axb4 Nxb4 15. Nxb4 cxb4 16. Rxb4 b5 17. cxb5 Nxb5 18. Nxb5 Rxb5 19. Rxb5 Bxb5 20. Qb3 Bd7 21. Qb7 Qc8 22. Qa7 Rd8 23. Bg5 Bf6 24. Bxf6 exf6 {1-0 (89) Kovalenko,I (2684)-Borisek,J (2565) chess.com INT 2017}) 10... h6 {Predecessor:} 11. Bd2 $146 Qc8 12. Nd5 {½-½ (12) Sedlak,N (2577)-Bogosavljevic,B (2512) Vrnjacka Banja 2013} 1/2-1/2

[Event "SRB-chT 1st League Men 2018"]
[Site "Valjevo"]
[Date "2018.09.02"]
[Round "3"]
[White "Strikovic, Aleksa"]
[Black "Mastrovasilis, Athanasios"]
[Result "1/2-1/2"]
[WhiteElo "2483"]
[BlackElo "2496"]
[Annotator "TA"]
[PlyCount "32"]
[EventDate "2018.08.31"]
[EventType "team-tourn"]
[EventCountry "SRB"]
[SourceTitle "playchess.com"]
[Source "ChessBase"]
[SourceQuality "1"]

{[%evp 22,32,19,14,40,9,33,38,82,-11,-7,-19,-6]} 1. c4 e6 2. Nf3 Nf6 3. g3 d5 4. Bg2 Be7 5. O-O O-O 6. d4 dxc4 7. Qc2 c6 8. Qxc4 b5 9. Qc2 Bb7 10. Nc3 Nbd7 11. Bg5 Rc8 {E06: Closed Catalan: Early deviations} 12. Rfd1 {LiveBook: 3 Games} Qb6 $146 ({Predecessor:} 12... c5 13. Bxf6 Bxf6 14. Ng5 Bxg5 15. Bxb7 Rc7 16. dxc5 Rxc5 17. Qb3 Qe7 {1-0 (50) Rodshtein,M (2678)-Grachev,B (2647) Sochi 2018}) 13. a4 {[%cal Ba2a4,Ba4a5][%mdl 32]} (13. Ne5 $5 {[%cal Re5d7]} Nxe5 14. dxe5 $14) 13... b4 14. a5 Qa6 15. Bxf6 (15. Ne5 $16) 15... gxf6 $11 16. Na4 c5 1/2-1/2

[Event "SRB-chT 1st League Men 2018"]
[Site "Valjevo"]
[Date "2018.09.02"]
[Round "3"]
[White "Pap, Misa"]
[Black "Vuckovic, Bojan"]
[Result "1/2-1/2"]
[WhiteElo "2482"]
[BlackElo "2588"]
[Annotator "TA"]
[PlyCount "107"]
[EventDate "2018.08.31"]
[EventType "team-tourn"]
[EventCountry "SRB"]
[SourceTitle "playchess.com"]
[Source "ChessBase"]
[SourceQuality "1"]

{[%evp 23,107,0,0,0,0,0,0,0,0,0,0,0,0,0,0,0,0,0,0,-7,-9,-9,0,0,0,0,-14,-21,-18,-23,-16,-27,-15,-35,-8,-22,-22,-40,-12,-14,-20,-18,0,0,0,-2,-8,-11,-9,-24,0,0,0,0,11,-10,-10,-10,0,0,0,-8,-8,-6,0,0,-8,-90,-89,-215,628,518,931,700,992,-29986,1462,1372,1582,1266,2475,0,984,0,1270,0]} 1. e4 c5 2. c3 Nf6 3. e5 Nd5 4. Nf3 Nc6 5. Bc4 Nb6 6. Bb3 c4 7. Bc2 d6 8. exd6 Qxd6 9. O-O Bg4 {B22: Sicilian: 2 c3} (9... g6 10. b3 Bg7 11. Na3 cxb3 12. axb3 O-O 13. Nc4 Nxc4 14. bxc4 Be6 15. Qe2 Qc5 16. Ra4 Na5 17. d4 Qc7 18. Bd3 Rac8 19. Bf4 Qxf4 20. Rxa5 {½-½ (31) Piorun,K (2633)-Wojtaszek,R (2750) Warsaw 2018}) 10. h3 Bh5 11. Re1 O-O-O 12. b3 Qf6 $1 {LiveBook: 3 Games} 13. Be4 Ne5 14. g4 Nxf3+ 15. Qxf3 Qxf3 16. Bxf3 Bg6 17. Na3 e6 $146 18. Nxc4 Nxc4 19. bxc4 Bd3 20. a4 Be7 21. a5 a6 22. c5 (22. Ba3 $5 {[%cal Ra3e7]} Bxa3 23. Rxa3 $11) 22... Bxc5 23. Ba3 Bd6 24. Bxd6 Rxd6 25. Re5 Kb8 26. Ra2 Rc8 27. Rb2 Rc7 28. Re3 Rcd7 29. Rb4 Ka7 30. Kg2 f6 31. c4 Rd4 32. Rxe6 Bxc4 33. Reb6 {[%cal Rb6b7]} Bd5 34. Rxd4 Bxf3+ 35. Kxf3 Rxd4 $11 {[%mdl 4096] Endgame KR-KR} 36. Re6 Ra4 37. Re7 Rxa5 38. Rxg7 Ra3+ 39. Ke4 Rxh3 40. d4 {[%cal Bd2d4,Bd4d5,Bd5d6,Bd6d7][%mdl 32]} a5 {Hoping for ...a4.} 41. d5 a4 42. d6 {[#] d7 is the strong threat.} Rh1 {Strongly threatening ...a3.} 43. d7 Rd1 {aiming for ...a3.} 44. Rxh7 Kb6 45. f4 {[#]} (45. Rf7 $11 {keeps the balance.}) 45... Kc6 $1 $17 46. Kf5 (46. Rf7 $17) 46... Kb5 $4 {[%mdl 8192]} (46... Rxd7 $19 47. Rh1 b5 48. Kxf6 b4) 47. Kxf6 $18 {Black must now prevent Ke7.} a3 (47... Kc6 $142 48. g5 Rd6+ 49. Kf5 Rd5+ 50. Ke4 Rxd7) 48. Rh5+ Kb4 49. Rh4 $4 {[%mdl 8192]} (49. Rh1 $18 Rxd7 50. f5) 49... Kb3 $4 {[%mdl 8192]} (49... a2 50. Kg5 a1=Q 51. Rh7 Qa8 52. Kf5 Qf8+ 53. Kg5 Qg8+ 54. Kf5 Rd5+ 55. Ke4 Qe6+ 56. Kf3 Rd3+ 57. Kf2 Qe3+ 58. Kf1 Rd1+ 59. Kg2 Rg1+ 60. Kh2 Qg3#) 50. Rh3+ Kb2 51. Rh2+ Kc3 52. Rh3+ (52. Ke7 $142 Re1+ 53. Kd6) 52... Kb2 $1 53. Rh2+ $2 (53. Ke7 $18 Re1+ 54. Kd8) 53... Kb3 $2 {[%mdl 8192]} (53... Kc3 $11) 54. Rh3+ $2 {Precision: White = 48%, Black = 62%.} ({Only move:} 54. Ke7 $18) 1/2-1/2

[Event "SRB-chT 1st League Men 2018"]
[Site "Valjevo"]
[Date "2018.09.02"]
[Round "3"]
[White "Pavlovic, Milos"]
[Black "Banusz, Tamas"]
[Result "1/2-1/2"]
[WhiteElo "2482"]
[BlackElo "2618"]
[Annotator "TA"]
[PlyCount "82"]
[EventDate "2018.08.31"]
[EventType "team-tourn"]
[EventCountry "SRB"]
[SourceTitle "playchess.com"]
[Source "ChessBase"]
[SourceQuality "1"]

{[%evp 9,82,7,18,-4,15,-7,1,-24,-14,-20,-16,-10,0,7,17,4,0,-16,-8,-8,-5,-18,-26,-55,-47,-72,-68,-59,-4,-11,0,0,0,0,0,-23,0,0,14,0,0,0,0,0,0,0,6,0,14,0,0,0,0,0,0,0,6,11,29,18,52,0,0,0,0,0,0,0,0,0,0,0,0,0,0]} 1. d4 d5 2. Nf3 Nf6 3. e3 Bf5 4. Bd3 Bg6 5. O-O e6 {LiveBook: 7 Games} 6. Qe2 {D04: Colle System} Nbd7 7. Nbd2 Ne4 8. Ne5 Nxe5 9. dxe5 c6 10. f4 $146 ({Predecessor:} 10. Bxe4 dxe4 11. Nc4 Qg5 12. Qd2 Bh5 13. Kh1 {1-0 (68) Gajic,M (2287)-Parligras,M (2614) Banja Vrujci 2017}) 10... Nxd2 11. Bxd2 Qb6 12. Kh1 Bb4 13. Bc1 Be7 14. b3 a5 {[%cal Ba7a5,Ba5a4][%mdl 32]} 15. Bb2 a4 16. f5 exf5 17. Bxf5 Bxf5 18. Rxf5 c5 (18... O-O $15) 19. e6 $11 f6 20. Rxd5 {Black must now prevent Qg4.} Qxe6 21. e4 O-O 22. Qc4 a3 23. Bc3 Rfe8 24. Rad1 Rab8 25. h3 Bf8 26. e5 fxe5 27. Bxe5 b5 28. Qd3 Rb7 $1 29. Bd6 Bxd6 30. Rxd6 Qe4 31. Qc3 Qe5 32. Qa5 Qg3 33. Rd8 Rbe7 34. Rxe8+ $40 {[%mdl 128] Black needs to defend precisely.} Rxe8 35. Qxb5 (35. Rf1 $14) 35... Re1+ $1 {The position is equal.} 36. Rxe1 Qxe1+ {KQ-KQ} 37. Kh2 {[#] And now Qc4+ would win.} Qe5+ 38. g3 g6 39. b4 Qd5 40. Qe8+ Kg7 41. Qe7+ Kg8 {Precision: White = 39%, Black = 67%.} 1/2-1/2

[Event "SRB-chT 1st League Men 2018"]
[Site "Valjevo"]
[Date "2018.09.02"]
[Round "3"]
[White "Miljkovic, Miroslav D"]
[Black "Bogosavljevic, Boban"]
[Result "1/2-1/2"]
[WhiteElo "2474"]
[BlackElo "2518"]
[Annotator "TA"]
[PlyCount "43"]
[EventDate "2018.08.31"]
[EventType "team-tourn"]
[EventCountry "SRB"]
[SourceTitle "playchess.com"]
[Source "ChessBase"]
[SourceQuality "1"]

{[%evp 26,27,26,20]} 1. d4 {Mikhalchishin,A} Nf6 2. c4 g6 3. Nc3 Bg7 4. e4 d6 5. Nf3 O-O 6. Be2 e5 7. O-O Nc6 8. d5 Ne7 9. Nd2 a5 10. a3 Nd7 11. Rb1 f5 12. f3 Kh8 13. b4 axb4 14. axb4 {[#]} {Vorgänger:} c6 $146 15. Kh1 Nf6 16. Nb3 cxd5 17. cxd5 f4 18. Na5 Nh5 19. Qe1 Bf6 20. Nc4 Nf5 21. exf5 Bh4 22. Qd1 {1-0 (40) Kasimdzhanov,R (2678)-Nisipeanu,L (2638) Rogaska Slatina 2011 CBM 145 [Mikhalchishin,A]} 1/2-1/2

[Event "SRB-chT 1st League Men 2018"]
[Site "Valjevo"]
[Date "2018.09.02"]
[Round "3"]
[White "Ivic, Velimir"]
[Black "Lajthajm, Borko"]
[Result "1/2-1/2"]
[WhiteElo "2472"]
[BlackElo "2412"]
[Annotator "TA"]
[PlyCount "75"]
[EventDate "2018.08.31"]
[EventType "team-tourn"]
[EventCountry "SRB"]
[SourceTitle "playchess.com"]
[Source "ChessBase"]
[SourceQuality "1"]

{[%evp 22,75,52,46,50,57,137,85,75,45,45,46,43,51,70,6,18,22,43,56,44,54,82,77,70,0,0,0,0,-7,11,-3,0,0,0,0,0,0,0,0,0,0,0,0,0,0,0,0,0,0,0,0,0,0,0,0]} 1. e4 c5 2. Nf3 a6 3. c4 Nc6 4. d4 cxd4 5. Nxd4 Nf6 6. Nc3 d6 7. Be2 Bd7 8. O-O g6 9. Be3 Bg7 10. f3 O-O 11. Qd2 Nxd4 12. Bxd4 {LiveBook: 26 Games} Qb8 {B38: Sicilian: Maroczy Bind with 5...Bg7 and 7...0-0} 13. a4 $146 ({Predecessor:} 13. Rfd1 Bc6 14. b4 b5 15. c5 dxc5 16. Bxc5 Re8 17. Rac1 Qb7 18. Bf1 Rac8 19. Rc2 {½-½ (19) Kilgus,G (2348)-Mahdy,K (2423) Vienna 2003}) 13... Be6 {[#]} (13... b6 $14) 14. a5 (14. f4 $142 $1) 14... Nd7 $16 {White is better.} 15. Be3 (15. f4 {is interesting.} Bxd4+ 16. Qxd4 f6 17. Kh1 b6 18. f5) 15... Rc8 $1 16. b3 b6 17. axb6 Nxb6 18. Ra5 (18. f4 $14) 18... Nd7 $11 19. Rb1 Qb4 20. Nd5 Qxd2 21. Bxd2 Bd4+ 22. Kf1 Kf8 23. Bc3 ({Better is} 23. b4 $14) 23... Bxc3 {The position is equal.} 24. Nxc3 Ne5 25. Rba1 Rcb8 26. c5 dxc5 27. Rxc5 Nd7 28. Rca5 Rxb3 {[#]} 29. Nb5 $1 {[%mdl 512]} Rc8 (29... axb5 30. Rxa8+) 30. Nd4 Rb6 31. Nxe6+ Rxe6 32. Rxa6 Rxa6 33. Rxa6 {KRB-KRN} Rc7 34. Kf2 Nc5 35. Ra2 Nb3 36. f4 Nc1 37. Rd2 Nxe2 38. Kxe2 {Precision: White = 47%, Black = 78%.} 1/2-1/2

[Event "SRB-chT 1st League Men 2018"]
[Site "Valjevo"]
[Date "2018.09.02"]
[Round "3"]
[White "Ilincic, Zlatko"]
[Black "Sedlak, Nikola"]
[Result "0-1"]
[WhiteElo "2429"]
[BlackElo "2587"]
[Annotator "ChessBase"]
[PlyCount "72"]
[EventDate "2018.08.31"]
[EventType "team-tourn"]
[EventCountry "SRB"]
[SourceTitle "playchess.com"]
[Source "ChessBase"]
[SourceQuality "1"]
[TimeControl "40/5400+30:1800+30"]

1. d4 {[%emt 0:00:00]} Nf6 {[%emt 1:30:30]} 2. c4 e6 3. g3 Bb4+ 4. Bd2 Be7 5. Bg2 d5 6. Nf3 Ne4 7. O-O c6 8. Qc2 f5 9. Bf4 Nd7 10. Ne1 g5 11. Bc1 Bf6 12. f3 Nd6 13. cxd5 cxd5 14. Qd3 Nb8 15. Nc3 b6 16. Nc2 Ba6 17. Qd1 Nc6 18. Re1 O-O 19. e4 dxe4 20. fxe4 Nxe4 21. Nxe4 fxe4 22. Rxe4 Bc4 23. Qg4 Kh8 24. Be3 Rc8 25. Rd1 Bxa2 26. Rxe6 Bxe6 27. Qxe6 Na5 28. Be4 Nc4 29. Bf2 Bg7 30. Qh3 h6 31. d5 Nd6 32. Bd3 Rc7 33. Nd4 Rxf2 34. Ne6 Qf6 35. Nxc7 Qf3 36. Re1 Rf1+ 0-1

[Event "SRB-chT 1st League Men 2018"]
[Site "Valjevo"]
[Date "2018.09.02"]
[Round "3"]
[White "Radovanovic, Mihajlo"]
[Black "Lazic, Miroljub"]
[Result "1/2-1/2"]
[WhiteElo "2427"]
[BlackElo "2476"]
[Annotator "TA"]
[PlyCount "17"]
[EventDate "2018.08.31"]
[EventType "team-tourn"]
[EventCountry "SRB"]
[SourceTitle "playchess.com"]
[Source "ChessBase"]
[SourceQuality "1"]

{[%evp 15,17,21,21,-23]} 1. d4 d5 2. c4 c6 3. Nf3 Nf6 4. Nc3 Bf5 5. e3 e6 6. Bd3 Bxd3 7. Qxd3 Bd6 8. O-O {D12: Slav Defence: 3 Nf3 Nf6 4 e3 Bf5} O-O {LiveBook: 5 Games} 9. Ne2 $146 ({Predecessor:} 9. b3 Nbd7 10. Bb2 dxc4 11. bxc4 e5 12. Rfd1 exd4 13. Qxd4 Bc5 14. Qf4 Qe7 15. Nd4 Rfe8 16. Nf5 Qe5 17. Qg5 g6 18. g4 {0-1 (40) Miron,L (2485)-Arat,U (2361) Skopje 2015}) 1/2-1/2

[Event "SRB-chT 1st League Men 2018"]
[Site "Valjevo"]
[Date "2018.09.02"]
[Round "3"]
[White "Arsovic, Zoran"]
[Black "Stojanovic, Mihajlo"]
[Result "1/2-1/2"]
[WhiteElo "2422"]
[BlackElo "2498"]
[Annotator "TA"]
[PlyCount "40"]
[EventDate "2018.08.31"]
[EventType "team-tourn"]
[EventCountry "SRB"]
[SourceTitle "playchess.com"]
[Source "ChessBase"]
[SourceQuality "1"]

{[%evp 10,40,-3,-6,0,-10,27,12,12,21,28,21,21,18,17,17,20,18,21,19,33,27,31,33,36,0,0,0,0,0,0,0,10]} 1. d4 Nf6 2. Nf3 d5 3. c4 e6 4. cxd5 exd5 5. Bg5 c6 6. Qc2 {LiveBook: 41 Games. D30: Queen's Gambit Declined: Systems without Nc3} Qa5+ (6... Be7 7. e3 Nbd7 8. Nc3 Nh5 9. Bxe7 Qxe7 10. O-O-O Nb6 11. Ne5 g6 12. Qb3 Nf6 13. h3 Be6 14. f3 Nfd7 15. Nd3 O-O 16. Nf4 c5 17. dxc5 Nxc5 18. Qa3 Rac8 {0-1 (52) Sokolov,I (2650)-Korobov,A (2680) Dubai 2014}) 7. Bd2 Bb4 (7... Qc7 {is more complex.} 8. Nc3 g6 9. h3 Bf5 10. Qb3 h5) 8. a3 {White has an edge.} Bxd2+ 9. Nbxd2 {[%cal Bb1d2,Bd2f3,Bf3e5][%mdl 32]} Bg4 $146 ({Predecessor:} 9... O-O 10. e3 Na6 11. b4 Qb6 12. Bd3 Nc7 13. Nb3 Nce8 {½-½ (24) Kutirov,R (2320)-Cabrilo,G (2505) Skopje 1993}) 10. e3 Nbd7 11. Bd3 Bxf3 12. b4 Qb6 13. Nxf3 a5 14. O-O axb4 15. axb4 O-O 16. Ne5 g6 17. Nf3 Qxb4 {The position is equal.} 18. Rab1 Qd6 19. Rxb7 c5 20. dxc5 $1 Nxc5 {Precision: White = 65%, Black = 75%.} 1/2-1/2

[Event "SRB-chT 1st League Men 2018"]
[Site "Valjevo"]
[Date "2018.09.02"]
[Round "3"]
[White "Vucinic, Gojko"]
[Black "Radlovacki, Jovan"]
[Result "1/2-1/2"]
[WhiteElo "2411"]
[BlackElo "2312"]
[Annotator "TA"]
[PlyCount "119"]
[EventDate "2018.08.31"]
[EventType "team-tourn"]
[EventCountry "SRB"]
[SourceTitle "playchess.com"]
[Source "ChessBase"]
[SourceQuality "1"]

{[%evp 13,119,0,0,0,0,0,0,-8,0,-5,-6,0,0,-47,-13,-30,-21,-22,-14,-27,-7,-41,0,-25,0,-41,0,-20,-10,-8,-12,-8,-8,-15,23,29,43,48,45,51,53,51,53,53,47,32,69,70,61,20,92,92,183,195,180,187,184,147,143,133,141,122,127,131,129,110,122,14,10,14,9,0,0,0,0,0,0,0,0,0,0,0,0,0,12,12,17,16,58,72,62,0,0,8,8,0,0,0,0,0,0,0,0,0,0,0,0,0]} 1. e4 c6 2. d4 d5 3. e5 c5 4. dxc5 e6 5. a3 (5. Nf3 Bxc5 6. a3 Nd7 7. Bd3 f6 8. b4 Be7 9. Bb2 fxe5 10. Nxe5 Nxe5 11. Bxe5 Bf6 12. O-O Nh6 13. Bxf6 Qxf6 {1-0 (70) Jakovenko,D (2735)-Fedoseev,V (2706) Poikovsky 2018}) 5... Bxc5 6. b4 {B12: Caro-Kann (Vorstoß-Variante)} Bb6 7. Nf3 a5 {LiveBook: 4 Partien} 8. Bb2 axb4 9. axb4 Rxa1 10. Bxa1 Ne7 $146 ({Vorgänger:} 10... Nh6 11. Bd3 Na6 12. c3 O-O 13. O-O f5 14. exf6 Qxf6 15. Nbd2 Ng4 16. Bxa6 bxa6 17. h3 {½-½ (17) Perunovic,M (2631)-Miladinovic,I (2583) Subotica 2014}) 11. c4 dxc4 {[#] Und ...Lxf2+! würde nun gewinnen.} 12. Qxd8+ Bxd8 13. Na3 Nd5 14. Nxc4 {Droht Sd6+.} Be7 15. b5 Bb4+ 16. Kd1 O-O 17. Kc2 Nd7 18. Nd4 Be1 19. f3 Bf2 20. Nb3 N7b6 (20... f6 {is interesting.} 21. exf6 gxf6 22. Bd3 Nc5 23. Be4 Bd7) 21. Bd4 Bxd4 22. Nxd4 Rd8 23. g3 Bd7 24. Nd6 Ra8 25. Kb3 Ra1 {Droht stark ...Td1.} 26. Bg2 $1 Ra4 27. Nc2 Ra5 28. Bf1 Ra7 29. Bd3 Nc8 30. Nxc8 Bxc8 31. Be4 Nb6 (31... Kf8 $11 {bleibt in der Remisbreite.}) 32. Rd1 {[%cal Rd1d8]} Nd7 (32... Kf8 $16 {kämpft weiter.}) 33. Na3 $18 f5 34. exf6 gxf6 35. Rc1 Ra8 36. f4 Kf8 {[#]} 37. Kb4 $1 Ke7 38. Nc4 f5 39. Bf3 Ra2 40. Na5 (40. h4 $16) 40... Rb2+ $1 $11 41. Nb3 Kd8 42. h4 e5 43. fxe5 Nxe5 44. Rd1+ Ke7 45. Bd5 b6 46. Kc3 Rh2 47. Kd4 Kd6 {Schwarz will ...Th3 spielen.} 48. Ke3 Ng4+ 49. Kf4 Nf2 50. Rd4 {Und weiter mit Lb7+ wäre nett.} Nh3+ 51. Ke3 Ke5 52. Nd2 (52. Bc6 $14) 52... Re2+ $1 {Die Stellung ist ausgeglichen.} 53. Kxe2 Kxd4 {[%mdl 4096] Endspiel KLS-KLS} 54. Bc6 f4 55. Kf3 fxg3 56. Kxg3 Ng1 57. Kf2 Nh3+ 58. Kg3 Ng1 59. Kf4 h6 60. Ne4 {Precision: Weiß = 63%, Schwarz = 60%.} 1/2-1/2

[Event "SRB-chT 1st League Men 2018"]
[Site "Valjevo"]
[Date "2018.09.02"]
[Round "3"]
[White "Djordjevic, Vuk"]
[Black "Laketic, Gojko"]
[Result "1/2-1/2"]
[WhiteElo "2404"]
[BlackElo "2384"]
[Annotator "TA"]
[PlyCount "39"]
[EventDate "2018.08.31"]
[EventType "team-tourn"]
[EventCountry "SRB"]
[SourceTitle "playchess.com"]
[Source "ChessBase"]
[SourceQuality "1"]

{[%evp 19,21,9,11,0]} 1. d4 Nf6 2. Nf3 g6 3. c4 Bg7 4. Nc3 d5 5. e3 O-O 6. Be2 c6 7. O-O Bg4 8. cxd5 cxd5 9. h3 {D94: Grünfeldindisch (Geschlossenes System)} (9. Qb3 b6 10. Bd2 Ne4 11. Be1 Nc6 12. h3 Na5 13. Qa4 Bd7 14. Qa3 Nxc3 15. Bxc3 Nc6 16. Rfc1 e6 17. Rc2 a5 18. Rac1 Re8 19. Bb5 Na7 20. Bxd7 Qxd7 21. Ne5 Qb5 22. Be1 {½-½ (22) Rodshtein,M (2688)-Balogh,C (2632) Czech Republic 2018}) 9... Bxf3 10. Bxf3 e6 {LiveBook: 3 Partien} 11. Qb3 {Vorgänger:} b6 $146 12. Bd2 Nc6 13. Rfc1 Na5 14. Qc2 Nc4 15. Be1 Nd6 16. Be2 Nfe8 17. Qa4 Bf6 18. Rc2 Be7 19. Rac1 a6 20. Qb3 {½-½ (58) Guliev,S (2490)-Karavaev,V (2355) Moscow 1994} 1/2-1/2

[Event "SRB-chT 1st League Men 2018"]
[Site "Valjevo"]
[Date "2018.09.02"]
[Round "3"]
[White "Drazic, Sinisa"]
[Black "Radovic, Janko"]
[Result "1-0"]
[WhiteElo "2401"]
[BlackElo "2405"]
[Annotator "TA"]
[PlyCount "53"]
[EventDate "2018.08.31"]
[EventType "team-tourn"]
[EventCountry "SRB"]
[SourceTitle "playchess.com"]
[Source "ChessBase"]
[SourceQuality "1"]

{[%evp 26,53,0,0,0,-18,-4,-31,-36,-42,-20,-21,0,0,0,0,40,-29,-34,-49,-63,-63,-36,-39,-45,-39,272,272,262,266]} 1. e4 c5 2. Nc3 Nc6 3. Nge2 g6 4. g3 Bg7 5. Bg2 Nf6 6. O-O O-O 7. d3 d6 8. h3 Rb8 9. f4 Bd7 10. a4 a6 {[%cal Ba7a6,Ba6b5,Bb5b4][%mdl 32]} 11. Be3 b5 {B25: Closed Sicilian: 3 g3, lines without early Be3} 12. axb5 axb5 13. Qd2 b4 14. Nd1 {LiveBook: 7 Games} Qc7 15. Nf2 (15. g4 Ra8 {½-½ (38) Caruana,F (2807)-Nepomniachtchi,I (2742) Saint Louis 2017 CBM 180 [Quintiliano,R]}) 15... Ra8 $146 ({Predecessor:} 15... Ne8 16. e5 dxe5 17. Bxc5 Nd6 18. Rab1 Nd4 19. Bxd6 Nxe2+ 20. Qxe2 exd6 {0-1 (40) Siebarth,R (2252)-Muse,D (2396) Berlin 2014}) 16. e5 dxe5 17. Bxc5 Rab8 18. fxe5 Nxe5 19. Bxe7 Rfc8 20. Qe3 {[#] Strongly threatening Ra7.} Nc6 21. Bc5 (21. Bxf6 $1 $14 Bxf6 22. Ng4) 21... Re8 $11 22. Qf4 Ne5 {White must now prevent ...Nh5.} 23. Qd4 $1 {And now Bd6 would win.} Rb5 24. Bd6 $1 {[%cal Rd6c7]} ({Don't play} 24. Bxb4 Nc6 $17) 24... Qxc2 25. Nf4 Nh5 $2 {[%mdl 8192] [#]} (25... g5 $15 {keeps the upper hand.} 26. Rfc1 Qb3) 26. Bxe5 $1 $18 Rbxe5 27. Nxh5 {Precision: White = 64%, Black = 47%.} ({Less strong is} 27. Qxd7 Nxg3 28. Rfd1 Bh6 $14) 1-0

[Event "SRB-chT 1st League Men 2018"]
[Site "Valjevo"]
[Date "2018.09.02"]
[Round "3"]
[White "Kojovic, Dragan"]
[Black "Cabarkapa, Novak"]
[Result "1/2-1/2"]
[WhiteElo "2384"]
[BlackElo "2437"]
[Annotator "TA"]
[PlyCount "84"]
[EventDate "2018.08.31"]
[EventType "team-tourn"]
[EventCountry "SRB"]
[SourceTitle "playchess.com"]
[Source "ChessBase"]
[SourceQuality "1"]

{[%evp 16,84,0,-28,0,0,0,-20,0,0,0,0,-9,-9,0,0,6,-26,-12,-12,-16,-12,-14,0,0,0,0,-39,-35,-32,-31,-40,-25,-29,-27,-36,-39,-35,-16,-24,-12,-25,-25,-21,0,-33,-24,-10,0,0,0,-8,0,0,0,0,0,0,0,0,0,0,0,0,0,0,0,0,0,0,0]} 1. e4 e6 2. d4 d5 3. Nc3 Nf6 4. Bg5 dxe4 5. Nxe4 Be7 6. Bxf6 gxf6 7. Nf3 f5 8. Ned2 c5 {C13: Französische Verteidigung (Klassisches System)} 9. c3 {LiveBook: 6 Partien} (9. dxc5 Bxc5 10. Qe2 O-O 11. O-O-O Qf6 12. g4 Nc6 13. Rg1 Kh8 14. gxf5 exf5 15. Nb3 Bb6 16. Ng5 {1-0 (25) Warakomski,T (2537)-Saric,A (2540) Katowice 2017}) 9... a6 10. dxc5 Bxc5 11. Nb3 (11. Be2 {is more complex.} O-O 12. O-O Nc6 13. Nc4 b5 14. Nce5) 11... Qxd1+ $146 ({Vorgänger:} 11... Be7 12. Qxd8+ Bxd8 13. O-O-O {½-½ (13) Somogyi,G (1961)-Carbonell Bofill,C (2239) LSS email 2008}) 12. Rxd1 Be7 13. Ne5 Nd7 14. Nc4 b6 15. Be2 Ra7 16. Bf3 Rc7 17. Nd6+ Bxd6 $1 18. Rxd6 Ke7 19. Rd2 Ne5 20. Be2 Rg8 21. f4 (21. O-O {with more complications.} Bb7 22. f3 Ng6 23. f4 Ne5 24. g3) 21... Nc4 22. Bxc4 $1 Rxc4 23. Nd4 Bb7 24. O-O h5 25. Re1 Be4 26. Re3 Rg4 27. h3 Rg7 28. h4 Rg4 29. g3 f6 30. Ne2 e5 31. b3 Rc8 {Die Stellung ist ausgeglichen.} 32. c4 Ke6 33. Kf2 Rgg8 34. fxe5 fxe5 35. Nc3 Bc6 36. Red3 f4 37. gxf4 {Droht stark Td6+.} Rg2+ 38. Ke1 {[#] Und weiter mit Td6+ wäre nett.} Rxd2 39. Rxd2 {Schwarz muss nun Te2 beachten.} exf4 40. Nd5 Bxd5 41. Rxd5 Rc5 42. Rd8 b5 {Precision: Weiß = 58%, Schwarz = 44%.} 1/2-1/2